Trombinoscope des vainqueurs de la Ligue des Champions avec le PSG - Statistiques

Statistiques générales
  • Ce quiz a été pris 939 fois
  • Le résultat moyen est 20 sur 22
Statistiques - réponses
Hint Réponse % Correct
Achraf Hakimi
95%
Marquinhos
95%
Ousmane Dembélé
95%
Lee Kang-in
95%
Lucas Hernandez
95%
Bradley Barcola
95%
Gianluigi Donnarumma
94%
Presnel Kimpembe
94%
Khvicha Kvaratskhelia
94%
Désiré Doué
93%
Vitinha
93%
Warren Zaïre-Emery
93%
Fabian Ruiz
91%
Nuno Mendes
89%
Matveï Safonov
89%
João Neves
89%
Gonçalo Ramos
88%
Lucas Beraldo
87%
Arnau Tenas
85%
Ibrahim Mbaye
83%
Senny Mayulu
81%
Willian Pacho
81%
Aucun quiz correspondant
Distribution des résultats
% des personnes avec chaque résultat
Percentile par nombre de réponses
Votre historique - résultats
Vous n’avez pas pris ce quiz